<?xml version="1.0" encoding="UTF-8"?>
<record
    xmlns:xsi="http://www.w3.org/2001/XMLSchema-instance"
    xsi:schemaLocation="http://www.loc.gov/MARC21/slim http://www.loc.gov/standards/marcxml/schema/MARC21slim.xsd"
    xmlns="http://www.loc.gov/MARC21/slim">

  <leader>00952nam a22002177a 4500</leader>
  <datafield tag="952" ind1=" " ind2=" ">
    <subfield code="a">0001</subfield>
    <subfield code="b">0001</subfield>
    <subfield code="d">2024-03-25</subfield>
    <subfield code="l">0</subfield>
    <subfield code="o">818 G99 2020</subfield>
    <subfield code="p">21719</subfield>
    <subfield code="r">2024-03-25 00:00:00</subfield>
    <subfield code="w">2024-03-25</subfield>
    <subfield code="y">BKS</subfield>
  </datafield>
  <datafield tag="999" ind1=" " ind2=" ">
    <subfield code="c">15785</subfield>
    <subfield code="d">15785</subfield>
  </datafield>
  <controlfield tag="003">MIRAKIL</controlfield>
  <controlfield tag="005">20240325172145.0</controlfield>
  <controlfield tag="008">240325b        tu ||||| |||| 00| 0 tur d</controlfield>
  <datafield tag="020" ind1=" " ind2=" ">
    <subfield code="a">9789751609113 </subfield>
  </datafield>
  <datafield tag="040" ind1=" " ind2=" ">
    <subfield code="a">TR-AnCHP</subfield>
    <subfield code="c">TR-AnCHP</subfield>
  </datafield>
  <datafield tag="041" ind1=" " ind2=" ">
    <subfield code="a">tur</subfield>
  </datafield>
  <datafield tag="082" ind1=" " ind2=" ">
    <subfield code="a">818</subfield>
    <subfield code="b">G99 2020</subfield>
  </datafield>
  <datafield tag="245" ind1="1" ind2="0">
    <subfield code="a">G&#xFC;zel yaz&#x131;lar :</subfield>
    <subfield code="b">gezi - hat&#x131;ra : t&#x131;pk&#x131;bas&#x131;m /</subfield>
    <subfield code="c">haz&#x131;rlayanlar: Prof. Dr. &#x130;smail Parlat&#x131;r, Prof. Dr. &#x130;nci Engin&#xFC;n, Prof. Dr. Orhan Okay, Prof. Dr. Zeynep Kerman, Prof. Dr. Kaz&#x131;m Yeti&#x15F; [ve di&#x11F;er biri]</subfield>
  </datafield>
  <datafield tag="260" ind1=" " ind2=" ">
    <subfield code="a">Ankara :</subfield>
    <subfield code="b">Atat&#xFC;rk K&#xFC;lt&#xFC;r, Dil ve Tarih Y&#xFC;ksek Kurumu T&#xFC;rk Dil Kurumu Yay&#x131;nlar&#x131;,</subfield>
    <subfield code="c">2020.</subfield>
  </datafield>
  <datafield tag="300" ind1=" " ind2=" ">
    <subfield code="a">310 sayfa ;</subfield>
    <subfield code="b">21 cm.</subfield>
  </datafield>
  <datafield tag="490" ind1="0" ind2=" ">
    <subfield code="a">Atat&#xFC;rk K&#xFC;lt&#xFC;r, Dil ve Tarih Y&#xFC;ksek Kurumu T&#xFC;rk Dil Kurumu yay&#x131;nlar&#x131; ;</subfield>
    <subfield code="v">646.</subfield>
  </datafield>
  <datafield tag="490" ind1="0" ind2=" ">
    <subfield code="a">G&#xFC;zel yaz&#x131;lar dizisi ;</subfield>
    <subfield code="v">5.</subfield>
  </datafield>
  <datafield tag="650" ind1=" " ind2="0">
    <subfield code="9">19</subfield>
    <subfield code="a">T&#xFC;rk edebiyat&#x131;</subfield>
  </datafield>
  <datafield tag="856" ind1=" " ind2=" ">
    <subfield code="z">Dijital N&#xFC;shas&#x131; i&#xE7;in Partimizin K&#xFC;t&#xFC;phane Sorumlusu ile ileti&#x15F;ime ge&#xE7;iniz.</subfield>
  </datafield>
  <datafield tag="942" ind1=" " ind2=" ">
    <subfield code="2">ddc</subfield>
    <subfield code="c">BKS</subfield>
  </datafield>
</record>
